[Event "Praia op 2nd"]
[Site "Praia a Mare"]
[Date "2010.04.02"]
[Round "5"]
[White "Giacoia, Dario"]
[Black "Mercuri, Delia"]
[Result "1-0"]
[WhiteElo "1571"]
[BlackElo "1520"]
[PlyCount "143"]
[EventDate "2010.03.31"]
[EventType "swiss"]
[EventRounds "5"]
[EventCountry "ITA"]
[SourceTitle "EXT 2023"]
[Source "ChessBase"]
[SourceDate "2022.10.05"]
[SourceVersion "1"]
[SourceVersionDate "2022.10.05"]
[SourceQuality "1"]

1. e4 e5 2. Nf3 Nf6 3. Nc3 Nc6 4. Bc4 d6 5. Ng5 Be6 6. Nxe6 fxe6 7. Bxe6 Qe7 8. Bh3 Nd4 9. 0-0 Ne6 10. d3 0-0-0 11. Bg5 Kb8 12. Nd5 Qf7 13. Bxf6 gxf6 14. f4 c6 15. Bxe6 Qxe6 16. Ne3 Bh6 17. Qf3 Bxf4 18. Ng4 h5 19. Nf2 Rhg8 20. Kh1 h4 21. Nh3 Rg4 22. Nxf4 Rxf4 23. Qe2 Rg4 24. h3 Rg6 25. Kh2 Rdg8 26. Rf2 R8g7 27. b3 Qg8 28. Rg1 Qh8 29. Qf1 Rf7 30. g3 hxg3+ 31. Rxg3 Rh6 32. Qg2 Qh7 33. Rff3 Kc7 34. Rg4 Kb6 35. Qf2+ c5 36. Qf1 Rh5 37. Rgg3 Qh6 38. Qg2 Qh7 39. Rg6 Qh8 40. Qf1 Qd8 41. Rgxf6 Rfh7 42. R6f5 Rh4 43. Rg3 Qe8 44. Rfg5 Rf4 45. Qg1 Qf7 46. Rg2 Qf8 47. R5g4 Qh6 48. R4g3 Qh4 49. Qe3 Rhf7 50. Rg4 Qd8 51. Rxf4 exf4 52. Qf3 Qf6 53. Rg4 Qe5 54. h4 Qb2 55. Kh3 Qe5 56. Rg5 Qe6+ 57. Rg4 Qe5 58. Rg5 Qd4 59. Rf5 Rxf5 60. exf5 Qe5 61. Kg4 Qe1 62. f6 Qe6+ 63. Kg5 Qe5+ 64. Kg6 Qe8+ 65. Kg7 Qe5 66. Qe4 f3 67. Qxf3 Qd4 68. h5 Qe5 69. Qg4 Qb2 70. Qg6 Qxc2 71. h6 Qxa2 72. h7 1-0

[Event "Praia op 2nd"]
[Site "Praia a Mare"]
[Date "2010.04.01"]
[Round "2"]
[White "Cottone, Salvatore"]
[Black "Giacoia, Dario"]
[Result "1-0"]
[WhiteElo "1963"]
[BlackElo "1571"]
[PlyCount "63"]
[EventDate "2010.03.31"]
[EventType "swiss"]
[EventRounds "5"]
[EventCountry "ITA"]
[SourceTitle "EXT 2023"]
[Source "ChessBase"]
[SourceDate "2022.10.05"]
[SourceVersion "1"]
[SourceVersionDate "2022.10.05"]
[SourceQuality "1"]

1. d4 g6 2. Nf3 Bg7 3. c3 d6 4. Nbd2 e5 5. dxe5 dxe5 6. e4 f5 7. Qc2 Qf6 8. Bd3 Ne7 9. 0-0 0-0 10. Nc4 Nbc6 11. Bg5 Qe6 12. Rad1 f4 13. Na3 Qg4 14. h3 Qh5 15. Nb5 Bxh3 16. Qb3+ Kh8 17. Nxc7 Rab8 18. Rfe1 Bg4 19. Bxe7 Nxe7 20. Ne6 Bxf3 21. gxf3 Rfc8 22. Nxg7 Kxg7 23. Qe6 Nc6 24. Kg2 Rc7 25. Rh1 Qg5+ 26. Kf1 Rd8 27. Ke2 Rcd7 28. Qh3 h5 29. Rhg1 Qf6 30. Qxh5 Rh8 31. Qg4 Rh4 32. Qxd7+ 1-0